Sustaining the plot (Record no. 68401)

MARC details
000 -LEADER
fixed length control field 01309cam a2200229 4500
001 - CONTROL NUMBER
control field ABS64584
008 - FIXED-LENGTH DATA ELEMENTS--GENERAL INFORMATION
fixed length control field 010927n2001 000 0 eng u
035 ## - SYSTEM CONTROL NUMBER
System control number (Sirsi) u114871
100 ## - MAIN ENTRY--PERSONAL NAME
Personal name Wiltshire, R.
245 ## - TITLE STATEMENT
Title Sustaining the plot
260 ## - PUBLICATION, DISTRIBUTION, ETC.
Date of publication, distribution, etc. 2001
490 ## - SERIES STATEMENT
Series statement Town & Country Planning
Volume/sequential designation 70(9) September 2001, 235(1)
520 ## - SUMMARY, ETC.
Summary, etc. Considers the status, preservation of, and law relating to, allotments. Looks at how far the recommendations made in the 1998 House of Commons Select Committee's Inquiry into 'The Future of Allotments' have been implemented. For instance, notes that the Inquiry's call for the encouragement of good practice has recently been answered by the Local Government Association, the Greater London Authority and the Shell Better Britain Campaign, in sponsoring "Growing in the Community". This is a practical manual for managers seeking better things for and through allotments. Suggests it may be time to re-define allotments - their sizes, forms, facilities, and functions - within the limits that statutes allow, to sustain the plot.
590 ## - LOCAL NOTE (RLIN)
Local note ABS
650 ## - SUBJECT ADDED ENTRY--TOPICAL TERM
Topical term or geographic name entry element ALLOTMENTS
650 ## - SUBJECT ADDED ENTRY--TOPICAL TERM
Topical term or geographic name entry element LAW
650 ## - SUBJECT ADDED ENTRY--TOPICAL TERM
Topical term or geographic name entry element MANAGEMENT
650 ## - SUBJECT ADDED ENTRY--TOPICAL TERM
Topical term or geographic name entry element PROMOTION
690 ## - LOCAL SUBJECT ADDED ENTRY--TOPICAL TERM (OCLC, RLIN)
Topical term or geographic name as entry element ENVIRONMENTAL AND LAND CONSULTANCY-PLANNING AND DEVELOPMENT
700 ## - ADDED ENTRY--PERSONAL NAME
Personal name Crouch, D.
942 ## - ADDED ENTRY ELEMENTS (KOHA)
Suppress in OPAC 0
Holdings
Withdrawn status Lost status Source of classification or shelving scheme Damaged status Not for loan Home library Current library Shelving location Date acquired Total Checkouts Full call number Barcode Date last seen Copy number Price effective from Koha item type
    Dewey Decimal Classification     London London Journal article 27/09/2001   ABS64584 114871-1001 06/08/2019 1 06/08/2019 Journal article